000 00485nam a22001697a 4500
005 20251108175812.0
008 250721s2016 xx 000 0 eng d
082 1 4 _aJ/F/SAR
100 1 _aالصراف, زكية
245 1 0 _aTHERE ARE SAD SOUNDS IN MY ROOM /
264 1 _aالشارقة :
_bصديقات لنشر وتوزيع الكتب,
_c2016.
300 _a23ص.
650 1 7 _afiction
653 _aناشئون صغار(10-14)سنة
942 _2ddc
_cBK
999 _c142765
_d142765